000 00669nam a2200193 a 4500
008 120416s1983 ||||||||||||||||| || u
020 _a0387907831
050 _aTN 263 May
100 _aMaynard, James Barry
245 1 0 _aGeochemistry of sedimentary ore deposits
260 _aNew York:
_bSpringer-Verlag
_c1983
300 _a305p.: ill
350 _a0.00
500 _aIncludes indexes. -Bibliography: p. [241]-284.
650 _aROCKS, SEDIMENTARY
650 _aGEOCHEMISTRY
650 _aORE DEPOSITES
995 _D0.00
_FCBU-MAIN LIBRARY (Kitwe)
_H1
_I48.50
_UAVAILABLE
_ZMain Library Open Access Collection
999 _c44451
_d44451